Statistics for League of Legends Items 2024

Click here to take the quiz!

General Stats

  • This quiz has been taken 44 times
  • The average score is 31 of 116

Answer Stats

TypeItem% Correct
StarterDorans Ring
89%
StarterDorans Shield
89%
StarterDorans Blade
86%
StarterCull
63%
Marksman ItemInfinity Edge
49%
Marksman Item / Fighter ItemBlade of the Ruined King
46%
StarterDark Seal
46%
Tank ItemFrozen Heart
46%
Tank ItemHeartsteel
43%
Tank ItemSunfire Aegis
43%
Tank Item / Fighter ItemTitanic Hydra
43%
Marksman Item / Fighter ItemTrinity Force
43%
Mage ItemVoid Staff
43%
Mage ItemLiandrys Torment
40%
Mage ItemLich Bane
40%
Mage ItemRabadons Deathcap
40%
Tank ItemSpirit Visage
40%
StarterTear of the Goddess
40%
Tank ItemWarmogs Armor
40%
Assassin Item / Fighter ItemBlack Cleaver
37%
Marksman ItemKraken Slayer
37%
Marksman ItemPhantom Dancer
37%
Mage ItemShadowflame
37%
Tank Item / Fighter ItemSteraks Gage
37%
Marksman ItemBloodthirster
34%
Tank ItemDead Mans Plate
34%
Fighter ItemDeaths Dance
34%
Fighter ItemGuardian Angel
34%
Assassin Item / Marksman ItemManamune
34%
Mage ItemMejais Soulstealer
34%
Assassin Item / Marksman Item (Upgraded Version)Muramana
31%
Tank ItemRanduins Omen
31%
Marksman ItemRapid Firecannon
31%
Tank ItemThornmail
31%
Fighter ItemWits End
31%
Mage ItemZhonyas Hourglass
31%
Mage ItemArchangels Staff
29%
Support ItemArdent Censer
29%
Assassin Item / Fighter ItemEclipse
29%
Assassin ItemEdge of Night
29%
Marksman Item / Fighter ItemGuinsoos Rageblade
29%
Tank ItemJak'Sho, The Protean
29%
Tank Item / Support ItemKnights Vow
29%
Mage ItemLudens Companion
29%
Mage ItemNashors Tooth
29%
Assassin ItemOpportunity
29%
Assassin Item / Fighter ItemRavenous Hydra
29%
Mage Item (Upgraded Version)Seraphs Embrace
29%
Fighter ItemSundered Sky
29%
Assassin ItemYoumuus Ghostblade
29%
Tank ItemForce of Nature
26%
Marksman ItemLord Dominiks Regards
26%
Mage ItemMalignance
26%
Marksman ItemNavori Quickblades
26%
Support ItemRedemption
26%
Mage ItemRod of Ages
26%
Assassin Item / Fighter ItemSpear of Shojin
26%
Fighter ItemStridebreaker
26%
Assassin ItemThe Collector
26%
Tank ItemAbyssal Mask
23%
Assassin ItemAxiom Arc
23%
Marksman ItemEssence Reaver
23%
Tank Item / Support Item (Upgraded Version)Fimbulwinter
23%
Mage ItemHextech Rocketbelt
23%
Tank ItemIceborn Gauntlet
23%
Tank ItemKaenic Rookern
23%
Support ItemMikaels Blessing
23%
Mage ItemMorellonomicon
23%
Marksman ItemStatikk Shiv
23%
Mage ItemBanshees Veil
20%
Mage ItemCosmic Drive
20%
Marksman ItemImmortal Shieldbow
20%
Support ItemImperial Mandate
20%
Tank Item / Support ItemLocket of the Iron Solari
20%
Mage ItemRiftmaker
20%
Marksman ItemRunaans Hurricane
20%
Mage ItemRylais Crystal Scepter
20%
Support ItemShurelyas Battlesong
20%
Marksman ItemStormrazor
20%
Mage ItemStormsurge
20%
Assassin ItemUmbral Glaive
20%
Tank Item / Support ItemZekes Convergence
20%
Mage ItemCryptbloom
17%
Mage ItemHorizon Focus
17%
Marksman Item / Fighter ItemMaw of Malmortius
17%
Marksman ItemMercurial Scimitar
17%
Marksman ItemMortal Reminder
17%
Assassin ItemProfane Hydra
17%
Assassin Item / Fighter ItemSeryldas Grudge
17%
Support ItemStaff of Flowing Water
17%
Marksman ItemTerminus
17%
Support Item UpgradeBloodsong
14%
Assassin Item / Fighter ItemChempunk Chainsword
14%
Assassin ItemHubris
14%
Fighter ItemHullbreaker
14%
Starter Jungle ItemMosstomper Seedling
14%
Tank Item / Support ItemWinters Approach
14%
Tank Item / Support ItemAnathemas Chains
11%
Assassin ItemSerpents Fang
11%
Support ItemTrailblazer
11%
Tank ItemUnending Despair
11%
Support Item UpgradeBounty of Worlds
9%
Support ItemEchoes of Helia
9%
Fighter ItemExperimental Hexplate
9%
Tank ItemHollow Radiance
9%
Support ItemMoonstone Renewer
9%
Support Item UpgradeSolstice Sleigh
9%
Assassin ItemVoltaic Cyclosword
9%
Support ItemDawncore
6%
Starter Jungle ItemGustwalker Hatchling
6%
Starter Jungle ItemScorchclaw Pup
6%
Support ItemVigilant Wardstone
6%
Starter Support ItemWorld Atlast
6%
Support Item UpgradeZaz'Zaks Realmspike
6%
Support Item UpgradeCelestial Opposition
3%
Support Item UpgradeDream Maker
3%

Score Distribution

Percentile by Number Answered

Percent of People with Each Score

Your Score History

You have not taken this quiz